<?xml version="1.0" encoding="UTF-8"?>
<collection xmlns="http://www.loc.gov/MARC21/slim">
  <record>
    <leader>00000nam  2200000   4500</leader>
    <controlfield tag="001">INLIS000000000004915</controlfield>
    <controlfield tag="005">20241205031345</controlfield>
    <datafield tag="035" ind1="#" ind2="#">
      <subfield code="a">0010-0319000105</subfield>
    </datafield>
    <controlfield tag="007">ta</controlfield>
    <controlfield tag="008">241205################g##########0#eng##</controlfield>
    <datafield tag="020" ind1="#" ind2="#">
      <subfield code="a">007137437X</subfield>
    </datafield>
    <datafield tag="082" ind1="#" ind2="#">
      <subfield code="a">658.8</subfield>
    </datafield>
    <datafield tag="084" ind1="#" ind2="#">
      <subfield code="a">658.8 NEW w</subfield>
    </datafield>
    <datafield tag="100" ind1=" " ind2="#">
      <subfield code="a">Newell, Frederick</subfield>
    </datafield>
    <datafield tag="245" ind1="1" ind2="#">
      <subfield code="a">Wireless rules :</subfield>
      <subfield code="b">new marketing strategies for customer relationship management anytime, anywhere /</subfield>
      <subfield code="c">Frederick Newell</subfield>
    </datafield>
    <datafield tag="260" ind1="#" ind2="#">
      <subfield code="a">United State Amerika :</subfield>
      <subfield code="b">McGraw-Hill,</subfield>
      <subfield code="c">2001</subfield>
    </datafield>
    <datafield tag="300" ind1="#" ind2="#">
      <subfield code="a">30halaman :</subfield>
      <subfield code="b">ilus ;</subfield>
      <subfield code="c">24 cm</subfield>
    </datafield>
    <datafield tag="650" ind1="#" ind2="4">
      <subfield code="a">Management</subfield>
    </datafield>
    <datafield tag="700" ind1=" " ind2="#">
      <subfield code="a">Lemon, Katherine Newell</subfield>
    </datafield>
    <datafield tag="520" ind1="#" ind2="#">
      <subfield code="a">ithin three years, more than 500 million people will be using some form of wireless device. To marketers just learning the rules of online sales, the marketing possibilities of wireless communications are staggering. This emerging technology, already established in Europe and Asia, opens the door for countless e-marketing and mobile-marketing opportunities—and risks. Wireless Rules shows marketers how to safely, and effectively, impact customers in the wireless have-it-now culture. The first comprehensive guide to go beyond obsolete strategic frameworks to outline customer-centric wireless techniques, it features: * Wireless methods to develop customer loyalty * Case studies of permission marketing and data mining tools * Tips for creating individualized, real-time marketing messages</subfield>
    </datafield>
    <datafield tag="856" ind1="#" ind2="#">
      <subfield code="a">Perpustakaan Lembaga Administrasi Negara</subfield>
    </datafield>
    <datafield tag="990" ind1="#" ind2="#">
      <subfield code="a">03027476</subfield>
    </datafield>
    <datafield tag="990" ind1="#" ind2="#">
      <subfield code="a">03027475</subfield>
    </datafield>
  </record>
</collection>
